000 01343nam a22003857a 4500
003 CHAP
005 20220329135153.0
008 971013s1979 r 00010 d
010 _a32076
011 _a33048
035 _a37163
040 _cCHAP
090 _aTesis
100 0 0 _aMartínez Rodríguez, Oscar Abelardo.
_972473
245 _aEfecto del portainjerto en la incidencia de mancha amarga (Bitter pit) y su control con aspersiones de calcio y boro
260 _aChapingo, Méx. :
_bEl autor,
_c1979
300 _a82 h.
_b: ilus
502 _aTesis (M.C. Esp. en Fruticultura) -- CP. Rama de Genética
590 _aALEPH
_b10
_c20130110
_lUCH01
_h1255
590 _aBATCH-UPD
_b10
_c20130110
_lUCH01
_h0109
590 _aBATCH-UPD
_b10
_c20130110
_lUCH01
_h1620
590 _aBATCH-UPD
_b10
_c20130410
_lUCH01
_h1015
590 _aBATCH-UPD
_b10
_c20130914
_lUCH01
_h0659
590 _aCONVERSION
_b10
_c20130109
_lUCH01
_h1318
650 1 4 _aBoro
_xEfecto en plantas.
_913923
650 1 4 _aCalcio
_xEfecto en plantas.
_917337
650 1 4 _aMancha amarga.
_970293
650 1 4 _aManzana
_xEnfermedades.
_970763
650 1 4 _aManzana
_xInjertos.
_970779
901 _aBK
942 _cFOLL
949 _bBC
_cTES
_d-85210
_eTS1
_i37163
_si
949 _bBC
_cTES
_d-85211
_eTS2
_fc.2
_i37163
_si
949 _bBC
_cTES
_d-85212
_eTS2
_fc.3
_i37163
_si
999 _c32076
_d32076